Т. 60, вып. 3; Известия Томского индустриального института [Известия ТИИ]

Bibliografske podrobnosti
Parent link:Известия Томского индустриального института [Известия ТИИ]/ Томский индустриальный институт (ТИИ). Т. 60, вып. 3.— , 1934-1944
Jezik:ruščina
Izdano: Красное знамя, 1940
Teme:
Format: Knjiga
KOHA link:https://koha.lib.tpu.ru/cgi-bin/koha/opac-detail.pl?biblionumber=182379

MARC

LEADER 00000nam2a2200000 4500
001 182379
005 20231031171304.0
035 |a (RuTPU)RU\TPU\book\197714 
035 |a RU\TPU\book\197690 
090 |a 182379 
100 |a 20100620d1940 k y0rusy50 ca 
101 0 |a rus 
102 |a RU 
105 |a a z 000zy 
200 0 |a Т. 60, вып. 3 
210 |c Красное знамя  |d 1940 
215 |a 134 с.  |c табл., граф., черт., рис. 
461 1 |0 (RuTPU)RU\TPU\book\197248  |t Известия Томского индустриального института [Известия ТИИ]  |f Томский индустриальный институт (ТИИ)  |v Т. 60, вып. 3  |d 1934-1944 
601 0 2 |a Томский индустриальный институт (ТИИ)  |c (1934-1944)  |2 stltpush  |3 (RuTPU)RU\TPU\col\9243 
610 1 |a катализаторы 
610 1 |a каталитическое окисление 
610 1 |a окись азота 
610 1 |a самовозгорание 
610 1 |a окисление 
610 1 |a коксование 
610 1 |a каменноугольный пек 
610 1 |a научные исследования 
610 1 |a труды учёных ТПУ 
675 |a 62  |v 3 
801 1 |a RU  |b 63413507  |c 20090209  |g PSBO 
801 2 |a RU  |b 63413507  |c 20130326  |g PSBO 
942 |c BK